[Event "Borbeck- Horst Emscher"]
[Site "?"]
[Date "2022.11.13"]
[Round "4.8"]
[White "Klasmeier, Hartmut"]
[Black "Doenges, Dirk"]
[Result "1-0"]
[WhiteElo "2002"]
[BlackElo "1829"]
[PlyCount "105"]
[SourceVersionDate "2023.06.22"]

1. e4 c5 2. Nc3 Nc6 3. Bc4 e6 4. Nf3 d6 5. O-O Be7 6. d3 Nf6 7. a4 a6 8. Re1
O-O 9. Bb3 e5 10. h3 Rb8 11. Nd5 Nxd5 12. Bxd5 Kh8 13. c3 f5 14. d4 fxe4 15.
Rxe4 cxd4 16. cxd4 Bf5 17. Re1 Nxd4 18. Nxd4 exd4 19. Qxd4 Bf6 20. Qb4 b5 21.
a5 Be5 22. Be3 Qd7 23. g4 Bg6 24. Rad1 Bf7 25. Bg2 d5 26. Bc5 Rfe8 27. Rxe5
Rxe5 28. Bd6 Ree8 29. Bxb8 Rxb8 30. Qf4 Rd8 31. Rc1 Be6 32. Rc7 Qd6 33. Qxd6
Rxd6 34. Kf1 Kg8 35. Ke2 Kf8 36. Kd3 d4 37. Rc6 Bc4+ 38. Kd2 Rxc6 39. Bxc6 b4
40. h4 Ke7 41. Be4 h6 42. Bd3 Bd5 43. Bxa6 Kd6 44. f4 Kc5 45. h5 Bf3 46. Be2
Be4 47. g5 Bd5 48. gxh6 gxh6 49. Bd3 Bf3 50. Be2 Be4 51. a6 Kb6 52. Bd3 Bf3 53.
Bg6 1-0

[Event "Münster 3- Rheinhausen"]
[Site "?"]
[Date "2022.11.13"]
[Round "4.1"]
[White "Heinert, Eugen"]
[Black "Korth, Daniel"]
[Result "1-0"]
[WhiteElo "2169"]
[BlackElo "2137"]
[PlyCount "61"]
[SourceVersionDate "2023.06.22"]

1. e4 e5 2. Nc3 Nf6 3. d4 exd4 4. Qxd4 Nc6 5. Qd3 d5 6. Bf4 dxe4 7. Qxd8+ Nxd8
8. Bxc7 Bb4 9. O-O-O Nc6 10. Bb5 O-O 11. Nge2 Be6 12. a3 Rac8 13. Bd6 Bxd6 14.
Rxd6 Ne7 15. Nd4 Nf5 16. Nxf5 Bxf5 17. h3 h5 18. Rhd1 Rc5 19. Be2 Rfc8 20. Rd8+
Kh7 21. Rxc8 Rxc8 22. Rd4 Rc5 23. Rc4 Nd7 24. Rxc5 Nxc5 25. Bxh5 f6 26. Bf7 b6
27. Kd2 g5 28. Ke3 Kg7 29. Bd5 Kg6 30. b4 Nd7 31. g4 1-0

[Event "Münster 3- Rheinhausen"]
[Site "?"]
[Date "2022.11.13"]
[Round "4.2"]
[White "Molinaroli, Martin"]
[Black "Liedmann, Dennis"]
[Result "0-1"]
[WhiteElo "2141"]
[BlackElo "2063"]
[PlyCount "96"]
[SourceVersionDate "2023.06.22"]

1. Nf3 g6 2. c4 Bg7 3. g3 c5 4. Bg2 Nc6 5. Nc3 e6 6. a3 Nge7 7. b4 cxb4 8. axb4
Nxb4 9. Ba3 Nec6 10. O-O O-O 11. Rb1 a5 12. Nb5 d5 13. cxd5 exd5 14. d4 Bf5 15.
Rb2 Qd7 16. Nc3 Rfe8 17. Qd2 Rad8 18. Rd1 Bg4 19. e3 Qf5 20. Nh4 Qh5 21. f3 Bc8
22. f4 Bf6 23. Nf3 Bg4 24. Rf1 Bh3 25. Ne5 Bxg2 26. Kxg2 Be7 27. h3 Qh6 28.
Rbb1 f6 29. Nf3 Qg7 30. Rfc1 Bd6 31. Kh2 Qd7 32. Rf1 Ne7 33. g4 Rc8 34. Rf2 Rc4
35. Na2 Rc2 36. Qe1 Rxa2 37. Rxa2 Nxa2 38. Bxd6 Qxd6 39. Qxa5 Qa6 40. Qc7 Qe2+
41. Kg3 h5 42. Qd7 Kf8 43. Qd6 Kf7 44. Rb6 Nf5+ 45. gxf5 h4+ 46. Kxh4 Qf2+ 47.
Kg4 Qg2+ 48. Kh4 Rh8# 0-1

[Event "Münster 3- Rheinhausen"]
[Site "?"]
[Date "2022.11.13"]
[Round "4.4"]
[White "Mueschenich, Stefan"]
[Black "Proettel, Sven"]
[Result "1/2-1/2"]
[WhiteElo "2142"]
[BlackElo "2117"]
[PlyCount "59"]
[SourceVersionDate "2023.06.22"]

1. Nf3 d5 2. b3 Nf6 3. Bb2 e6 4. g3 b6 5. Bg2 Nbd7 6. c4 Bb7 7. O-O c6 8. Nc3
Bd6 9. cxd5 exd5 10. d4 O-O 11. Nd2 Re8 12. e4 dxe4 13. Ncxe4 Nxe4 14. Nxe4 Be7
15. Rc1 Rc8 16. Qd3 Nf6 17. Nd2 Nd5 18. a3 Bg5 19. Rfe1 Qd7 20. Rcd1 Be7 21.
Nc4 Bf8 22. Ne5 Qd6 23. b4 f6 24. Nc4 Qd7 25. Nd2 Nc7 26. Qf3 Rxe1+ 27. Rxe1
Re8 28. Rc1 Nd5 29. Nc4 Qe6 30. Bf1 1/2-1/2

[Event "Münster 3- Rheinhausen"]
[Site "?"]
[Date "2022.11.13"]
[Round "4.5"]
[White "Jentzsch, David"]
[Black "Baumann, Stephan"]
[Result "1/2-1/2"]
[WhiteElo "1958"]
[BlackElo "2044"]
[PlyCount "121"]
[SourceVersionDate "2023.06.22"]

1. e4 e5 2. Nf3 Nc6 3. Bc4 Nf6 4. d3 Be7 5. c3 O-O 6. O-O d5 7. exd5 Nxd5 8.
Re1 Bg4 9. h3 Bh5 10. Nbd2 Kh8 11. Ne4 f6 12. Ng3 Bf7 13. Bb3 Qd7 14. d4 Rad8
15. dxe5 fxe5 16. Bg5 Bf6 17. Ne4 Qe7 18. Qe2 Bh5 19. Bxf6 gxf6 20. Bxd5 Rxd5
21. Ng3 Bg6 22. Rad1 Rfd8 23. Rxd5 Rxd5 24. Qc4 Rd6 25. Qh4 Qg7 26. Qc4 Qd7 27.
h4 Bd3 28. Qc5 b6 29. Qe3 Ne7 30. Qh6 Ng8 31. Qf8 Qe7 32. Qc8 Rd8 33. Qb7 a5
34. Nd4 Qd7 35. Nc6 Re8 36. Rd1 e4 37. Nd4 Qg4 38. Rd2 Qf4 39. Rd1 Qg4 40. Re1
e3 41. Qf3 Qxf3 42. Nxf3 exf2+ 43. Kxf2 Rxe1 44. Kxe1 Kg7 45. Kd2 Bc4 46. a3
Ne7 47. Ke3 Bd5 48. b4 Nc6 49. Ne2 Ne5 50. Nxe5 fxe5 51. g4 Kf6 52. Ng3 h6 53.
Ne4+ Ke6 54. Kd3 axb4 55. cxb4 b5 56. Nc3 Bc4+ 57. Ke3 c6 58. Ne4 Bd5 59. g5
hxg5 60. Nxg5+ Kf5 61. Nf3 1/2-1/2

[Event "Münster 3- Rheinhausen"]
[Site "?"]
[Date "2022.11.13"]
[Round "4.6"]
[White "Seegers, Hendrik"]
[Black "Feldhaus, Sebastian"]
[Result "1-0"]
[WhiteElo "2109"]
[BlackElo "2054"]
[PlyCount "119"]
[SourceVersionDate "2023.06.22"]

1. d4 Nf6 2. Nf3 d5 3. Bf4 c5 4. c3 Nc6 5. e3 Qb6 6. Qb3 c4 7. Qxb6 axb6 8. Be2
Bf5 9. O-O b5 10. a3 b4 11. cxb4 Nxb4 12. Nc3 Nc6 13. Ne5 e6 14. h3 Ne4 15.
Nxe4 Bxe4 16. f3 Bg6 17. Nxg6 hxg6 18. b3 cxb3 19. Rfb1 Na5 20. Bc7 Kd7 21.
Bxa5 Rxa5 22. Rxb3 Ra7 23. Bb5+ Kd8 24. a4 Bd6 25. Rc1 Ke7 26. Kf2 Rb8 27. e4
dxe4 28. fxe4 e5 29. dxe5 Bxe5 30. Rd3 b6 31. Rd5 Bd6 32. Rcd1 Bc5+ 33. Kf3
Rbb7 34. Kf4 Rc7 35. Rd8 g5+ 36. Ke5 f6+ 37. Kf5 Kf7 38. Bc4+ Ke7 39. Rg8 Bb4
40. Rxg7+ Kf8 41. Rg8+ Ke7 42. Kg6 Rxc4 43. Rg7+ Ke6 44. Rxa7 Rxe4 45. Rc7 Ba5
46. Rc6+ Ke7 47. Rxf6 g4 48. h4 g3 49. Rf3 Rg4+ 50. Kh5 Rxa4 51. Re3+ Kf6 52.
Rf1+ Kg7 53. Rxg3+ Kh7 54. Rf7+ Kh8 55. Rf6 Bd2 56. Rxb6 Kh7 57. Rb7+ Kh8 58.
Rd3 Ra5+ 59. Kg4 Ra4+ 60. Kh3 1-0

[Event "Münster 3- Rheinhausen"]
[Site "?"]
[Date "2022.11.13"]
[Round "4.7"]
[White "Mohrholz, Stefan"]
[Black "Niermann, Rainer"]
[Result "0-1"]
[WhiteElo "1999"]
[BlackElo "2100"]
[PlyCount "98"]
[SourceVersionDate "2023.06.22"]

1. Nf3 c5 2. c4 Nc6 3. Nc3 g6 4. g3 Bg7 5. Bg2 d6 6. O-O Nf6 7. d4 cxd4 8. Nxd4
Bd7 9. b3 O-O 10. Bb2 Nxd4 11. Qxd4 Bc6 12. Nd5 Ne8 13. Qd2 Bxb2 14. Qxb2 e6
15. Ne3 Bxg2 16. Nxg2 Qf6 17. Qa3 a6 18. Rac1 Rc8 19. Ne3 Rc5 20. Rfd1 Rh5 21.
Qb4 Qe7 22. Qc3 f5 23. f4 Nf6 24. c5 d5 25. Qe5 Qd7 26. b4 Kf7 27. h4 Rc8 28.
Nc4 Rg8 29. Qd6 Qxd6 30. Nxd6+ Ke7 31. Nxb7 Ne4 32. Kg2 h6 33. c6 g5 34. c7 Kd7
35. Nc5+ Nxc5 36. Rxc5 gxf4 37. c8=Q+ Rxc8 38. Rxc8 Kxc8 39. Kf3 fxg3 40. Kxg3
f4+ 41. Kxf4 Rxh4+ 42. Ke5 Kd7 43. Rg1 Re4+ 44. Kf6 Rxe2 45. Rg7+ Kd6 46. Rb7
Rf2+ 47. Kg6 Rxa2 48. Kxh6 d4 49. Kg5 Ke5 0-1

[Event "Münster 3- Rheinhausen"]
[Site "?"]
[Date "2022.11.13"]
[Round "4.8"]
[White "Meyer, Ulrich"]
[Black "Hartz, Erik"]
[Result "1-0"]
[WhiteElo "1862"]
[BlackElo "1987"]
[PlyCount "123"]
[SourceVersionDate "2023.06.22"]

1. e4 c5 2. Nc3 d6 3. g3 g6 4. Bg2 Bg7 5. d3 e6 6. Be3 Nc6 7. Qd2 Qa5 8. f4
Nge7 9. Nf3 d5 10. Nd1 dxe4 11. dxe4 Qxd2+ 12. Nxd2 Nb4 13. Rc1 Nxa2 14. Ra1
Nb4 15. Rc1 Bd4 16. O-O O-O 17. Bxd4 cxd4 18. e5 Rb8 19. c3 dxc3 20. Nxc3 b6
21. Nde4 Rd8 22. Nf6+ Kg7 23. Rfd1 Ba6 24. Nce4 Ned5 25. Nxd5 Rxd5 26. Rxd5
exd5 27. Nd6 Bc4 28. Nxc4 Rc8 29. Bxd5 Nxd5 30. Rc2 Nb4 31. Rc3 Nd5 32. Rc2 Rc5
33. Na3 Ne3 34. Rxc5 bxc5 35. b3 a6 36. Kf2 Nf5 37. Nc2 h5 38. Kf3 Kf8 39. Ke4
Ng7 40. Kd5 Ne6 41. Ne1 g5 42. fxg5 Nxg5 43. Kxc5 Ke7 44. Kb6 Ke6 45. Nd3 Nf3
46. h4 Nd4 47. b4 Kd5 48. Kxa6 Kc4 49. Nf4 Kxb4 50. Nxh5 Nf5 51. Kb6 Kc4 52.
Kc6 Kd4 53. Kd7 Kxe5 54. Ke8 Nh6 55. Kf8 f5 56. Kg7 Ng4 57. Kg6 Nf2 58. Nf4 Ne4
59. Ne2 Nc5 60. h5 Ke4 61. h6 Ne6 62. h7 1-0

[Event "Duisburg- Erkenschwick 2"]
[Site "?"]
[Date "2022.11.13"]
[Round "4.1"]
[White "Sprietersbach, Kai"]
[Black "Heisel, Guido"]
[Result "1-0"]
[WhiteElo "2241"]
[BlackElo "2126"]
[PlyCount "89"]
[SourceVersionDate "2023.06.22"]

1. Nf3 g6 2. e4 Bg7 3. d4 c6 4. Nc3 d5 5. h3 dxe4 6. Nxe4 Nf6 7. Nxf6+ Bxf6 8.
c3 O-O 9. Bc4 a5 10. a4 Qc7 11. Bh6 Bg7 12. Bxg7 Kxg7 13. O-O e6 14. Qd2 Nd7
15. Rfe1 Nb6 16. Bb3 Nd5 17. Re4 h6 18. Ne5 f5 19. Re2 Rf6 20. Rae1 Bd7 21. Nd3
b6 22. Re5 Qd6 23. Qe2 Raf8 24. Qf3 Bc8 25. Qg3 f4 26. Qg4 Nc7 27. R1e4 g5 28.
h4 Rf5 29. hxg5 hxg5 30. Nxf4 Kf6 31. Nxe6 Bxe6 32. Bxe6 Qxe6 33. Rxe6+ Nxe6
34. Qh5 Nf4 35. Qh6+ Ng6 36. Qh7 Rf7 37. Qg8 Nf8 38. Qh8+ Kg6 39. Qg8+ Kf6 40.
g4 Rd5 41. Re5 Ne6 42. f4 gxf4 43. g5+ Ke7 44. g6 Rf6 45. Qg7+ 1-0

[Event "Duisburg- Erkenschwick 2"]
[Site "?"]
[Date "2022.11.13"]
[Round "4.2"]
[White "Hehlke, Oliver"]
[Black "Homs, Guust"]
[Result "0-1"]
[WhiteElo "1933"]
[BlackElo "2166"]
[PlyCount "108"]
[SourceVersionDate "2023.06.22"]

1. d4 d5 2. c4 e6 3. Nf3 Nf6 4. g3 dxc4 5. a4 c5 6. Bg2 Nc6 7. e3 cxd4 8. exd4
Bb4+ 9. Bd2 Nd5 10. O-O O-O 11. Bxb4 Ncxb4 12. Ne5 Bd7 13. Nxc4 Rc8 14. Nba3
Bc6 15. Ne5 Ne7 16. Nb5 Bxg2 17. Kxg2 Nbc6 18. Qb3 a6 19. Nc3 Qxd4 20. Nxc6
bxc6 21. Qb7 Nd5 22. Rfd1 Qb6 23. Qxb6 Nxb6 24. Ne4 Rfd8 25. Nc5 a5 26. Nb7
Rxd1 27. Rxd1 Nxa4 28. Nxa5 Nxb2 29. Nxc6 Nxd1 30. Ne7+ Kf8 31. Nxc8 Nc3 32. f4
Nb5 33. Kf3 Ke8 34. Kg4 Kd7 35. Nb6+ Kc6 36. Nc4 f6 37. h4 Kd5 38. Nb6+ Kc6 39.
Nc4 Nd6 40. Ne3 Kc5 41. h5 Kd4 42. Nc2+ Kc3 43. Ne3 Kd3 44. Kf3 Nf5 45. Nxf5
exf5 46. Kf2 Ke4 47. Ke2 g6 48. hxg6 hxg6 49. Kf2 g5 50. fxg5 fxg5 51. Ke2 g4
52. Kf2 Kd3 53. Kf1 Ke3 54. Kg2 Ke2 0-1

[Event "Duisburg- Erkenschwick 2"]
[Site "?"]
[Date "2022.11.13"]
[Round "4.3"]
[White "Krings, Christoph"]
[Black "Große- Frintrop, Gerd"]
[Result "1/2-1/2"]
[WhiteElo "2174"]
[BlackElo "2063"]
[PlyCount "82"]
[SourceVersionDate "2023.06.22"]

1. d4 f5 2. Nf3 g6 3. g3 Nf6 4. Bg2 Bg7 5. O-O O-O 6. c4 d6 7. Nc3 e6 8. Qb3
Nc6 9. d5 exd5 10. cxd5 Ne5 11. Nb5 Nxf3+ 12. Bxf3 Nd7 13. Be3 a6 14. Nd4 Nc5
15. Qc2 g5 16. b4 f4 17. bxc5 fxe3 18. Rad1 exf2+ 19. Kg2 Bxd4 20. Rxd4 Qf6 21.
Rc4 Bf5 22. Be4 Bxe4+ 23. Qxe4 Rae8 24. Qd3 dxc5 25. Rxc5 Qb6 26. Qc4 Rf7 27.
d6 Qxd6 28. Rxf2 Ree7 29. Rxg5+ Kf8 30. Rgf5 Qd7 31. Qc5 Ke8 32. Rxf7 Rxf7 33.
Rxf7 Qxf7 34. Qe5+ Kd7 35. Qd4+ Kc8 36. Qh8+ Kd7 37. Qd4+ Kc6 38. Qc3+ Kd6 39.
Qb4+ Kc6 40. Qa4+ Kd6 41. Qb4+ Kc6 1/2-1/2

[Event "Duisburg- Erkenschwick 2"]
[Site "?"]
[Date "2022.11.13"]
[Round "4.4"]
[White "Brueggemann, Josef"]
[Black "Trzaska, Peter"]
[Result "1/2-1/2"]
[WhiteElo "2039"]
[BlackElo "2082"]
[PlyCount "38"]
[SourceVersionDate "2023.06.22"]

1. e4 c6 2. d3 d5 3. Nd2 dxe4 4. dxe4 g6 5. Ngf3 Bg7 6. Bc4 Nf6 7. O-O O-O 8.
Qe2 a5 9. c3 b5 10. Bb3 a4 11. Bc2 Ba6 12. Rd1 Qc7 13. Bd3 Nbd7 14. Nf1 Nc5 15.
Bc2 a3 16. Qe3 axb2 17. Bxb2 Qa7 18. e5 Nd5 19. Qd4 Ne6 1/2-1/2

[Event "Duisburg- Erkenschwick 2"]
[Site "?"]
[Date "2022.11.13"]
[Round "4.6"]
[White "Usdenski, Andreas"]
[Black "Schulze Bisping, Franz"]
[Result "1/2-1/2"]
[WhiteElo "1728"]
[BlackElo "1855"]
[PlyCount "98"]
[SourceVersionDate "2023.06.22"]

1. e4 e6 2. d4 d5 3. Nd2 dxe4 4. Nxe4 Bd7 5. Nf3 Bc6 6. Bd3 Nd7 7. Bf4 Be7 8.
O-O Ngf6 9. Qe2 O-O 10. c3 Nxe4 11. Bxe4 Bxe4 12. Qxe4 c6 13. Ne5 Nf6 14. Qe2
Qd5 15. b3 Rad8 16. Rad1 Qe4 17. Qe3 Qxe3 18. Bxe3 Nd5 19. Bd2 Nb6 20. Be3 Nd5
21. Bd2 Nc7 22. Bc1 f6 23. Nd3 Rd7 24. Rd2 Rfd8 25. Rfd1 Kf7 26. Kf1 Ne8 27.
Ke2 Nd6 28. f3 Nf5 29. Bb2 g5 30. g4 Nh4 31. c4 Ng6 32. a3 Bd6 33. h3 Rh8 34.
Nf2 Bf4 35. Rd3 Bg3 36. R3d2 Nf4+ 37. Kf1 Bxf2 38. Kxf2 Nxh3+ 39. Ke3 Nf4 40.
Ke4 Kg6 41. Rh2 h5 42. Bc1 c5 43. Bxf4 gxf4 44. gxh5+ Rxh5 45. Rhd2 cxd4 46.
Rxd4 Rxd4+ 47. Rxd4 Rh2 48. Rd7 e5 49. Kd3 b6 1/2-1/2

[Event "Duisburg- Erkenschwick 2"]
[Site "?"]
[Date "2022.11.13"]
[Round "4.7"]
[White "Strohmann, Marcel"]
[Black "Vortmeier, Jan"]
[Result "1/2-1/2"]
[WhiteElo "1853"]
[BlackElo "1674"]
[PlyCount "99"]
[SourceVersionDate "2023.06.22"]

1. e4 c6 2. d4 d5 3. Nc3 dxe4 4. Nxe4 Nf6 5. Ng3 g6 6. Nf3 Bg7 7. Bd3 Bg4 8. c3
Nbd7 9. h3 Bxf3 10. Qxf3 O-O 11. O-O e5 12. Be3 Qc7 13. dxe5 Nxe5 14. Qe2 Nxd3
15. Qxd3 Rad8 16. Qc2 Rfe8 17. Rad1 Rxd1 18. Qxd1 Rd8 19. Qb3 Nd5 20. Bg5 Re8
21. c4 Nf4 22. Bxf4 Qxf4 23. Qxb7 Qxc4 24. b3 Qc5 25. b4 Qd6 26. Rc1 Bd4 27.
Qxc6 Re1+ 28. Kh2 Qxb4 29. Rc4 Qb6 30. Qxb6 Bxb6 31. Re4 Bxf2 32. Rxe1 Bxe1 33.
Ne4 Bb4 34. Kg3 f5 35. Nf6+ Kg7 36. Nd5 Bd6+ 37. Kf3 Kf7 38. g4 Ke6 39. Ne3 f4
40. Nc4 g5 41. Ke4 Bc7 42. Nd2 Ba5 43. Nf3 h6 44. Nd4+ Kf6 45. Nf5 Kg6 46. Ne7+
Kh7 47. Nf5 Kg6 48. Ne7+ Kf6 49. Nf5 Kg6 50. Ne7+ 1/2-1/2

[Event "Duisburg- Erkenschwick 2"]
[Site "?"]
[Date "2022.11.13"]
[Round "4.8"]
[White "Diduh, Ihor"]
[Black "Al Marawi, Abdulhadi"]
[Result "1-0"]
[WhiteElo "1991"]
[BlackElo "2011"]
[PlyCount "75"]
[SourceVersionDate "2023.06.22"]

1. e4 e6 2. d4 d5 3. Nc3 Nf6 4. Bg5 dxe4 5. Nxe4 Be7 6. Bxf6 Bxf6 7. c3 b6 8.
Qf3 c6 9. Bd3 Be7 10. Nh3 Bb7 11. O-O-O Qc7 12. Nhg5 Bxg5+ 13. Nxg5 h6 14. Ne4
Nd7 15. Kb1 Nf8 16. c4 O-O-O 17. c5 Rd7 18. Nd6+ Kb8 19. Ne8 Qd8 20. Qg3+ Ka8
21. Nd6 f5 22. h4 Rg8 23. h5 g5 24. Qe5 g4 25. Bc4 Qg5 26. Nxf5 Rf7 27. Nd6
Rxf2 28. Ne4 Qf5 29. Ka1 Rf4 30. Qc7 a6 31. Nd6 Qh7 32. Qd8+ Bc8 33. Qxc8+ Ka7
34. cxb6+ Kxb6 35. Qb8+ Ka5 36. b4+ Ka4 37. Bb3+ Ka3 38. Nc4# 1-0

[Event "Porta Westfalica- Münster 2"]
[Site "?"]
[Date "2022.11.13"]
[Round "4.1"]
[White "Weidemann, Jakob"]
[Black "Liebelt, Jannik"]
[Result "1/2-1/2"]
[WhiteElo "2169"]
[BlackElo "2124"]
[PlyCount "22"]
[SourceVersionDate "2023.06.22"]

1. Nf3 Nf6 2. g3 d5 3. Bg2 c5 4. O-O Nc6 5. d4 e6 6. c4 cxd4 7. cxd5 Nxd5 8.
Nxd4 Be7 9. Nxc6 bxc6 10. Qc2 Qb6 11. a3 Ba6 1/2-1/2

[Event "Porta Westfalica- Münster 2"]
[Site "?"]
[Date "2022.11.13"]
[Round "4.2"]
[White "Adyaman, Rene"]
[Black "Schroeder, Lennart"]
[Result "1/2-1/2"]
[WhiteElo "2119"]
[BlackElo "2011"]
[PlyCount "128"]
[SourceVersionDate "2023.06.22"]

1. e4 c5 2. Nf3 d6 3. b3 Nf6 4. Nc3 g6 5. Bb2 Bg7 6. Bb5+ Bd7 7. Qe2 O-O 8. Bc4
Nc6 9. e5 dxe5 10. Nxe5 Nd4 11. Qd1 Bf5 12. Bd3 Qd6 13. Nc4 Qe6+ 14. Ne3 Bxd3
15. cxd3 Nh5 16. g3 Qh3 17. Ne4 Nf4 18. Bxd4 Nxd3+ 19. Ke2 cxd4 20. Nc4 f5 21.
Ng5 Qg4+ 22. Kxd3 Qxg5 23. Qf3 Rad8 24. Rae1 b5 25. Ne5 f4 26. Nc6 fxg3 27.
Qxg3 Qf5+ 28. Re4 Rd7 29. Rc1 Kh8 30. f4 Bh6 31. Qh4 Bxf4 32. Nxe7 Qg5 33. Rxf4
Qxh4 34. Nxg6+ hxg6 35. Rxh4+ Kg7 36. Rxd4 Rxd4+ 37. Kxd4 Rf2 38. Ke3 Rxh2 39.
Rc7+ Kf6 40. Rxa7 g5 41. Rb7 Rh3+ 42. Kd4 Rh2 43. Kc3 g4 44. Rb6+ Ke5 45. Rxb5+
Kf4 46. Rb8 Rh5 47. Kd3 g3 48. Rf8+ Kg4 49. Rg8+ Kh3 50. Ke4 g2 51. d4 Kh2 52.
d5 g1=Q 53. Rxg1 Kxg1 54. d6 Rh2 55. a4 Rb2 56. Ke5 Rxb3 57. d7 Rd3 58. Ke6 Kf2
59. a5 Re3+ 60. Kd6 Rd3+ 61. Kc6 Rc3+ 62. Kd5 Rd3+ 63. Kc6 Rc3+ 64. Kb5 Rd3
1/2-1/2

[Event "Porta Westfalica- Münster 2"]
[Site "?"]
[Date "2022.11.13"]
[Round "4.3"]
[White "Boesel, Alexander"]
[Black "Kirnos, Evgeni"]
[Result "0-1"]
[WhiteElo "2020"]
[BlackElo "2224"]
[PlyCount "68"]
[SourceVersionDate "2023.06.22"]

1. e4 e5 2. Nf3 Nc6 3. Bc4 d6 4. a4 Be7 5. d3 Nf6 6. O-O O-O 7. Re1 a6 8. c3
Na5 9. Ba2 c5 10. Na3 Rb8 11. b4 cxb4 12. cxb4 Nc6 13. b5 Nb4 14. Bc4 Bg4 15.
h3 Bh5 16. g4 Bg6 17. Qb3 a5 18. Bd2 Nd7 19. Bxb4 axb4 20. Nc2 Nc5 21. Qb2 d5
22. exd5 Bxd3 23. Qa2 e4 24. Nfd4 Bf6 25. Rab1 Bxd4 26. Nxd4 Bxb1 27. Rxb1 Ra8
28. Rxb4 Qf6 29. Be2 Nd3 30. Bxd3 exd3 31. Qd2 Qe5 32. Nf5 Rfe8 33. Qg5 g6 34.
Re4 Qa1+ 0-1

[Event "Porta Westfalica- Münster 2"]
[Site "?"]
[Date "2022.11.13"]
[Round "4.4"]
[White "Friesen, Viktor"]
[Black "Virnyi, Julius"]
[Result "1/2-1/2"]
[WhiteElo "2161"]
[BlackElo "2105"]
[PlyCount "52"]
[SourceVersionDate "2023.06.22"]

1. Nf3 Nf6 2. g3 g6 3. Bg2 Bg7 4. O-O O-O 5. d4 d6 6. c4 c6 7. Nc3 Bf5 8. b3
Ne4 9. Bb2 Nxc3 10. Bxc3 Be4 11. Qd2 Na6 12. Ne1 Bxg2 13. Kxg2 d5 14. Nf3 c5
15. cxd5 Qxd5 16. Rac1 cxd4 17. Bxd4 Bxd4 18. Qxd4 Qxd4 19. Nxd4 Rfc8 20. Nb5
Nb4 21. a3 Nc6 22. Rfd1 Rd8 23. e3 Rac8 24. Nd4 Kg7 25. Nxc6 Rxd1 26. Rxd1 Rxc6
1/2-1/2

[Event "Porta Westfalica- Münster 2"]
[Site "?"]
[Date "2022.11.13"]
[Round "4.5"]
[White "Quante, Lennart"]
[Black "Roos, Jonas"]
[Result "1-0"]
[WhiteElo "2100"]
[BlackElo "1889"]
[PlyCount "57"]
[SourceVersionDate "2023.06.22"]

1. d4 d5 2. Nf3 Nf6 3. g3 e6 4. Bg2 b6 5. O-O Bb7 6. c4 Be7 7. cxd5 exd5 8. Ne5
O-O 9. Nc3 Ne4 10. Qc2 f6 11. Bxe4 dxe4 12. Qb3+ Kh8 13. Nf7+ Rxf7 14. Qxf7 Nc6
15. Be3 Nb4 16. Qb3 f5 17. Rac1 Qd7 18. a3 Nd5 19. Nxd5 Bxd5 20. Qc3 Bd6 21.
Qd2 Qb5 22. Rc2 Bb3 23. Rc3 Bc4 24. Re1 Rd8 25. Bg5 Rd7 26. Bf4 c5 27. Qc2 Be6
28. Bxd6 Rxd6 29. dxc5 1-0

[Event "Porta Westfalica- Münster 2"]
[Site "?"]
[Date "2022.11.13"]
[Round "4.7"]
[White "Kamp, Aaron"]
[Black "Peters, Waldemar"]
[Result "1-0"]
[WhiteElo "1850"]
[BlackElo "1707"]
[PlyCount "89"]
[SourceVersionDate "2023.06.22"]

1. e4 c6 2. c4 d5 3. exd5 cxd5 4. cxd5 Nf6 5. Qa4+ Bd7 6. Qb3 Qc7 7. Nc3 g6 8.
Nf3 Bg7 9. d4 O-O 10. Bc4 a6 11. a4 Nh5 12. O-O Bg4 13. Ne5 Bxe5 14. dxe5 Nd7
15. d6 exd6 16. Nd5 Qd8 17. Bh6 Nc5 18. Qa2 Re8 19. Nf6+ Nxf6 20. Bxf7+ Kh8 21.
exf6 Qxf6 22. Bxe8 Rxe8 23. b4 Nd3 24. Be3 Be6 25. Qd2 Bc4 26. Ra3 Ne5 27. Rc1
Kg8 28. Bd4 Qf7 29. Bxe5 dxe5 30. Re3 b5 31. axb5 axb5 32. Rce1 Qf6 33. Qb2 Qd6
34. Qc3 Kf7 35. Rxe5 Rxe5 36. Rxe5 Qd1+ 37. Re1 Qd6 38. h3 h5 39. Qf3+ Kg7 40.
Rd1 Qe6 41. Qb7+ Kh6 42. Qc7 Qe4 43. Qc5 Qc2 44. Qf8+ Kg5 45. h4+ 1-0

[Event "Iserlohn- Bielefeld 2"]
[Site "?"]
[Date "2022.11.13"]
[Round "4.1"]
[White "Pollmueller, Michael"]
[Black "Scheider, Julian"]
[Result "0-1"]
[WhiteElo "2132"]
[BlackElo "2341"]
[PlyCount "148"]
[SourceVersionDate "2023.06.22"]

1. d4 Nf6 2. Nf3 c5 3. d5 b5 4. Bg5 Qb6 5. a4 b4 6. a5 Qb7 7. Bxf6 exf6 8. g3
g6 9. Bg2 Bg7 10. Nbd2 d6 11. O-O O-O 12. c3 Na6 13. Nc4 Qc7 14. Qd2 Bd7 15.
Qf4 Bb5 16. Nfd2 Rad8 17. g4 Rfe8 18. Bf3 Qe7 19. Rac1 Rd7 20. Kg2 Rb8 21. h4
Rdd8 22. Rh1 Rb7 23. h5 g5 24. Qe4 Qxe4 25. Bxe4 h6 26. Bf5 Bf8 27. Rh3 Nc7 28.
Be4 Rdb8 29. Rhh1 Bd7 30. Kg3 Be7 31. Rhd1 Ne8 32. Bd3 Ba4 33. Rf1 Nc7 34. Be4
Bd7 35. Ra1 Ne8 36. Bd3 Nc7 37. Be4 Bb5 38. Rfc1 Kf8 39. Kf3 Ke8 40. Kg3 Kd8
41. Rf1 Bxc4 42. Nxc4 bxc3 43. bxc3 Rb3 44. Ra3 Rxa3 45. Nxa3 Rb3 46. Rb1 Rxc3+
47. e3 Rxa3 48. Rb8+ Kd7 49. Bf5+ Ne6 50. Rb7+ Ke8 51. dxe6 fxe6 52. Bg6+ Kd8
53. Rxa7 d5 54. Bf7 Bd6+ 55. Kg2 Bc7 56. Bxe6 d4 57. exd4 cxd4 58. Bf5 d3 59.
Rb7 d2 60. Rb1 Rxa5 61. Rd1 Bf4 62. Bd3 Re5 63. Kf1 Ke7 64. Ra1 Rc5 65. Rd1 Kd6
66. Ke2 Re5+ 67. Kf3 Re1 68. Bc2 Ke5 69. Ba4 Kd4 70. Bc2 Kc4 71. Ba4 Kc3 72.
Kg2 Re4 73. Bc6 Rc4 74. Bf3 Kd3 0-1

[Event "Iserlohn- Bielefeld 2"]
[Site "?"]
[Date "2022.11.13"]
[Round "4.2"]
[White "Kind, Bertram"]
[Black "Winkler, Yonathan"]
[Result "1/2-1/2"]
[WhiteElo "2148"]
[BlackElo "1957"]
[PlyCount "80"]
[SourceVersionDate "2023.06.22"]

1. e4 c5 2. Nc3 Nc6 3. f4 e6 4. Nf3 d5 5. Bb5 Nge7 6. O-O a6 7. Bxc6+ Nxc6 8.
d3 Be7 9. Qe1 b6 10. Qg3 g6 11. Bd2 Bb7 12. f5 d4 13. Ne2 Qd7 14. fxe6 fxe6 15.
Ng5 Bxg5 16. Bxg5 Rf8 17. Qh3 Ne5 18. Nf4 Bc8 19. Qh4 Ra7 20. h3 Qc6 21. Rf2
Raf7 22. Bh6 Rg8 23. Raf1 Qd6 24. Qg5 Re7 25. Nh5 Nf7 26. Rxf7 Rxf7 27. Nf6+
Rxf6 28. Qxf6 Qe7 29. Qe5 g5 30. Rf6 g4 31. hxg4 Rg6 32. Rf8+ Kd7 33. Qb8 Rxh6
34. Qxc8+ Kd6 35. Rd8+ Ke5 36. Qb8+ Kf6 37. Qf4+ Kg7 38. Qe5+ Kf7 39. Rc8 Rh1+
40. Kxh1 Qh4+ 1/2-1/2

[Event "Iserlohn- Bielefeld 2"]
[Site "?"]
[Date "2022.11.13"]
[Round "4.3"]
[White "Schnitker, Rainer"]
[Black "Runtemund, Rene"]
[Result "1/2-1/2"]
[WhiteElo "2010"]
[BlackElo "2076"]
[PlyCount "30"]
[SourceVersionDate "2023.06.22"]

1. Nf3 d5 2. g3 Nf6 3. Bg2 Bf5 4. b3 e6 5. Bb2 Be7 6. d3 h6 7. O-O O-O 8. Nbd2
Bh7 9. Re1 c6 10. e4 Nbd7 11. Qe2 Re8 12. e5 Nh5 13. Nd4 g6 14. f4 Qb6 15. Kh1
c5 1/2-1/2

[Event "Werther- Steinfurt"]
[Site "?"]
[Date "2022.11.13"]
[Round "4.1"]
[White "Rieke, Theo"]
[Black "Haskenhoff, Jan"]
[Result "0-1"]
[WhiteElo "1959"]
[BlackElo "2181"]
[PlyCount "92"]
[SourceVersionDate "2023.06.22"]

1. Nf3 Nf6 2. c4 g6 3. Nc3 d5 4. d4 Bg7 5. Qb3 dxc4 6. Qxc4 O-O 7. e4 a6 8. e5
b5 9. Qb3 Nfd7 10. Be3 Nb6 11. Rd1 c6 12. Ng5 h6 13. Nge4 Be6 14. Qc2 N8d7 15.
Be2 b4 16. Na4 Nxa4 17. Qxa4 Bd5 18. Bf3 Qb8 19. O-O b3 20. Nc3 Nb6 21. Qb4
bxa2 22. Nxd5 Nxd5 23. Qa3 Nb4 24. Rc1 Rc8 25. Rc4 a5 26. Rfc1 Qb7 27. h4 e6
28. Be4 Bf8 29. Qa4 Qb5 30. b3 Qxa4 31. bxa4 Ra6 32. Bd2 Kg7 33. Ra1 Rb8 34.
Kh2 h5 35. Kg3 Be7 36. Bc2 Rd8 37. Bxb4 Bxb4 38. Rxa2 c5 39. dxc5 Rc6 40. Be4
Rxc5 41. Rxc5 Bxc5 42. Rc2 Be7 43. Rc4 Rd2 44. f4 Ra2 45. Kh3 Ra3+ 46. Bf3 Bb4
0-1

[Event "Werther- Steinfurt"]
[Site "?"]
[Date "2022.11.13"]
[Round "4.2"]
[White "Freiberger, Jonas"]
[Black "Arning, Marcus"]
[Result "1-0"]
[WhiteElo "2236"]
[BlackElo "1944"]
[Annotator "daniel"]
[PlyCount "79"]
[SourceVersionDate "2023.06.22"]

1. a3 e5 2. e4 Nf6 3. Nc3 Be7 4. Nf3 Nc6 5. Bb5 O-O 6. d3 Nd4 7. Bc4 c6 8. Nxe5
d5 9. exd5 cxd5 10. Ba2 Qc7 11. f4 Bc5 12. Bxd5 Nxd5 13. Nxd5 Qd8 14. Ne3 f6
15. Nf3 Re8 16. Kf1 Bd7 17. Ne1 Nb3 18. cxb3 Bxe3 19. Bxe3 Rxe3 $11 20. Qd2 Re7
21. Rc1 Qb6 22. Rc3 Rae8 23. Nc2 Bg4 24. Qf2 Qa6 25. h3 Bd1 26. Nd4 Re3 27. Kg1
Qb6 28. Rc4 Bxb3 29. Rb4 Qc5 30. Kh2 Bd5 31. Rf1 a5 32. Nb3 Qa7 33. Rb5 Re2 34.
Qxa7 Rxg2+ 35. Kh1 Ree2 36. Qa8+ Kf7 37. Rxb7+ Kg6 38. Rxg7+ Kxg7 39. Qxd5 Rg3
40. Rg1 1-0